000 00498nam a22001457a 4500
008 161006b xxu||||| |||| 00| 0 eng d
020 _a1138804586
040 _aKABU
_cKABU
050 _aML3799.3
_b.C87 2015 C.1
245 _aCurrent directions in ecomusicology
_bMusic, culture and nature
_cedited by Aaron S. Allen and Kevin Dawe
260 _aNew York
_bRoutledge
_c2015
300 _avii, 314 p.
650 _2Ecomusicology
942 _2lcc
_cBK
_hML3799.3 .C87 2015 C.1
999 _c16157
_d16157